<?xml version="1.0" encoding="UTF-8"?>
<record
    xmlns:xsi="http://www.w3.org/2001/XMLSchema-instance"
    xsi:schemaLocation="http://www.loc.gov/MARC21/slim http://www.loc.gov/standards/marcxml/schema/MARC21slim.xsd"
    xmlns="http://www.loc.gov/MARC21/slim">

  <leader>01860nam0a2200409 i 4500</leader>
  <controlfield tag="001">RU\NLR\BIBL_A\010960139</controlfield>
  <controlfield tag="005">20260405090329.0</controlfield>
  <datafield tag="010" ind1=" " ind2=" ">
    <subfield code="a">9785170940653</subfield>
    <subfield code="9">4000</subfield>
  </datafield>
  <datafield tag="021" ind1=" " ind2=" ">
    <subfield code="a">RU</subfield>
    <subfield code="b">2015-101331</subfield>
    <subfield code="9">6309</subfield>
  </datafield>
  <datafield tag="035" ind1=" " ind2=" ">
    <subfield code="a">(NILC)RuMoRGB-008108009</subfield>
  </datafield>
  <datafield tag="035" ind1=" " ind2=" ">
    <subfield code="a">(NLR Aleph) 010960139</subfield>
  </datafield>
  <datafield tag="090" ind1=" " ind2=" ">
    <subfield code="a">10795688</subfield>
    <subfield code="c">10795688</subfield>
  </datafield>
  <datafield tag="100" ind1=" " ind2=" ">
    <subfield code="a">20160128d2016    m  y0rusy50      ca</subfield>
  </datafield>
  <datafield tag="101" ind1="1" ind2=" ">
    <subfield code="a">rus</subfield>
    <subfield code="c">eng</subfield>
  </datafield>
  <datafield tag="102" ind1=" " ind2=" ">
    <subfield code="a">RU</subfield>
  </datafield>
  <datafield tag="105" ind1=" " ind2=" ">
    <subfield code="a">a   z   001ay</subfield>
  </datafield>
  <datafield tag="200" ind1="1" ind2=" ">
    <subfield code="a">&#x417;&#x432;&#x451;&#x437;&#x434;&#x43D;&#x44B;&#x435; &#x432;&#x43E;&#x439;&#x43D;&#x44B;</subfield>
    <subfield code="i">&#x41F;&#x43E;&#x43B;&#x43D;&#x430;&#x44F; &#x438;&#x441;&#x442;&#x43E;&#x440;&#x438;&#x44F;</subfield>
    <subfield code="f">&#x41A;&#x435;&#x432;&#x438;&#x43D; &#x410;&#x43D;&#x434;&#x435;&#x440;&#x441;&#x43E;&#x43D;, &#x414;&#x44D;&#x43D;&#x438;&#x435;&#x43B; &#x423;&#x43E;&#x43B;&#x43B;&#x435;&#x441;</subfield>
    <subfield code="g">&#x438;&#x43B;.: &#x411;&#x438;&#x43B;&#x43B; &#x425;&#x44C;&#x44E;&#x437;</subfield>
    <subfield code="g">[&#x43F;&#x435;&#x440;. &#x441; &#x430;&#x43D;&#x433;&#x43B;.: &#x410;. &#x411;&#x440;&#x43E;&#x434;&#x43E;&#x446;&#x43A;&#x430;&#x44F; &#x438; &#x434;&#x440;.]</subfield>
  </datafield>
  <datafield tag="210" ind1=" " ind2=" ">
    <subfield code="a">&#x41C;&#x43E;&#x441;&#x43A;&#x432;&#x430;</subfield>
    <subfield code="c">&#x41F;&#x440;&#x430;&#x439;&#x43C;</subfield>
    <subfield code="c">&#x410;&#x421;&#x422;</subfield>
    <subfield code="d">2016</subfield>
  </datafield>
  <datafield tag="215" ind1=" " ind2=" ">
    <subfield code="a">223, [1] &#x441;.</subfield>
    <subfield code="c">&#x438;&#x43B;.</subfield>
    <subfield code="d">27</subfield>
  </datafield>
  <datafield tag="225" ind1="1" ind2=" ">
    <subfield code="a">&#x417;&#x432;&#x451;&#x437;&#x434;&#x43D;&#x44B;&#x435; &#x432;&#x43E;&#x439;&#x43D;&#x44B;</subfield>
    <subfield code="i">&#x411;&#x43E;&#x43B;&#x44C;&#x448;&#x430;&#x44F; &#x431;&#x438;&#x431;&#x43B;&#x438;&#x43E;&#x442;&#x435;&#x43A;&#x430;</subfield>
  </datafield>
  <datafield tag="300" ind1=" " ind2=" ">
    <subfield code="a">&#x41D;&#x430; &#x442;&#x438;&#x442;. &#x43B;. &#x432; &#x432;&#x44B;&#x445;. &#x434;&#x430;&#x43D;.: New York: The Ballantine Pablishing Group</subfield>
  </datafield>
  <datafield tag="320" ind1=" " ind2=" ">
    <subfield code="a">&#x410;&#x43B;&#x444;. &#x443;&#x43A;&#x430;&#x437;. &#x432; &#x43A;&#x43E;&#x43D;&#x446;&#x435; &#x43A;&#x43D;.</subfield>
  </datafield>
  <datafield tag="333" ind1=" " ind2=" ">
    <subfield code="a">12+</subfield>
  </datafield>
  <datafield tag="605" ind1=" " ind2=" ">
    <subfield code="a">"&#x417;&#x432;&#x435;&#x437;&#x434;&#x43D;&#x44B;&#x435; &#x432;&#x43E;&#x439;&#x43D;&#x44B;"</subfield>
    <subfield code="l">&#x43A;&#x438;&#x43D;&#x43E;&#x44D;&#x43F;&#x43E;&#x43F;&#x435;&#x44F;</subfield>
    <subfield code="9">2555279</subfield>
    <subfield code="3">RU\NLR\AUTH\661511844</subfield>
  </datafield>
  <datafield tag="606" ind1="1" ind2=" ">
    <subfield code="a">&#x41D;&#x430;&#x443;&#x447;&#x43D;&#x43E;-&#x444;&#x430;&#x43D;&#x442;&#x430;&#x441;&#x442;&#x438;&#x447;&#x435;&#x441;&#x43A;&#x430;&#x44F; &#x43B;&#x438;&#x442;&#x435;&#x440;&#x430;&#x442;&#x443;&#x440;&#x430;</subfield>
    <subfield code="j">&#x42D;&#x43D;&#x446;&#x438;&#x43A;&#x43B;&#x43E;&#x43F;&#x435;&#x434;&#x438;&#x438;</subfield>
    <subfield code="x">&#x41E;&#x431;&#x440;&#x430;&#x437;&#x44B;</subfield>
    <subfield code="y">&#x421;&#x43E;&#x435;&#x434;&#x438;&#x43D;&#x435;&#x43D;&#x43D;&#x44B;&#x435; &#x428;&#x442;&#x430;&#x442;&#x44B; &#x410;&#x43C;&#x435;&#x440;&#x438;&#x43A;&#x438;</subfield>
    <subfield code="9">2334983</subfield>
    <subfield code="3">RU\NLR\AUTH\661396078</subfield>
  </datafield>
  <datafield tag="675" ind1=" " ind2=" ">
    <subfield code="a">821.111(73)</subfield>
  </datafield>
  <datafield tag="686" ind1="1" ind2=" ">
    <subfield code="a">&#x428;5(7&#x421;&#x428;&#x410;)6-33,5</subfield>
  </datafield>
  <datafield tag="686" ind1="1" ind2=" ">
    <subfield code="a">&#x429;374.3(7&#x421;&#x428;&#x410;)6"&#x417;&#x432;&#x435;&#x437;&#x434;&#x43D;&#x44B;&#x435; &#x432;&#x43E;&#x439;&#x43D;&#x44B;"</subfield>
  </datafield>
  <datafield tag="700" ind1=" " ind2="1">
    <subfield code="7">ca</subfield>
    <subfield code="8">rus</subfield>
    <subfield code="a">&#x410;&#x43D;&#x434;&#x435;&#x440;&#x441;&#x43E;&#x43D;</subfield>
    <subfield code="b">&#x41A;. &#x414;.</subfield>
    <subfield code="c">&#x43F;&#x438;&#x441;&#x430;&#x442;&#x435;&#x43B;&#x44C;-&#x444;&#x430;&#x43D;&#x442;&#x430;&#x441;&#x442;</subfield>
    <subfield code="f">1962-</subfield>
    <subfield code="g">&#x41A;&#x435;&#x432;&#x438;&#x43D; &#x414;&#x436;.</subfield>
    <subfield code="9">223087</subfield>
    <subfield code="3">RU\NLR\AUTH\770223143</subfield>
  </datafield>
  <datafield tag="701" ind1=" " ind2="1">
    <subfield code="8">rus</subfield>
    <subfield code="7">ca</subfield>
    <subfield code="a">&#x423;&#x43E;&#x43B;&#x43B;&#x435;&#x441;</subfield>
    <subfield code="b">&#x414;.</subfield>
    <subfield code="f">1959-</subfield>
    <subfield code="g">&#x414;&#x44D;&#x43D;&#x438;&#x435;&#x43B;</subfield>
    <subfield code="3">RU\NLR\AUTH\7732049</subfield>
    <subfield code="9">15059</subfield>
  </datafield>
  <datafield tag="702" ind1=" " ind2="1">
    <subfield code="a">&#x425;&#x44C;&#x44E;&#x437;</subfield>
    <subfield code="b">&#x411;.</subfield>
    <subfield code="g">&#x411;&#x438;&#x43B;&#x43B;</subfield>
    <subfield code="4">440</subfield>
  </datafield>
  <datafield tag="801" ind1=" " ind2="0">
    <subfield code="a">RU</subfield>
    <subfield code="b">&#x420;&#x413;&#x411;</subfield>
    <subfield code="c">20151229</subfield>
    <subfield code="g">RCR</subfield>
  </datafield>
  <datafield tag="801" ind1=" " ind2="1">
    <subfield code="a">RU</subfield>
    <subfield code="b">&#x420;&#x413;&#x411;</subfield>
    <subfield code="c">20151229</subfield>
    <subfield code="2">rusmarc</subfield>
  </datafield>
  <datafield tag="942" ind1=" " ind2=" ">
    <subfield code="c">BOOK</subfield>
  </datafield>
  <datafield tag="980" ind1=" " ind2=" ">
    <subfield code="a">NBR</subfield>
  </datafield>
</record>
